Statistics for Current Chelsea Squad

Click here to take the quiz!

General Stats

  • This quiz has been taken 117 times
    (105 since last reset)
  • The average score is 16 of 29

Answer Stats

NumberPlayer% Correct
1Kepa Arrizabalaga
91%
7N'Golo Kante
91%
19Mason Mount
81%
28Cesar Azpilicueta
74%
5Jorginho
74%
2Antonio Rudiger
73%
3Marcos Alonso
73%
10Willian
72%
9Tammy Abraham
71%
17Mateo Kovacic
63%
18Oliver Giroud
63%
22Christian Pulisic
62%
11Pedro
62%
24Reece James
60%
8Ross Barkley
58%
20Callum Hudson-Odoi
57%
33Emerson Palmieri
55%
12Ruben Loftus-Cheek
53%
13Willy Caballero
50%
15Kurt Zouma
49%
29Fikayo Tomori
47%
27Andreas Christensen
43%
6Danny Drinkwater
27%
23Michy Batshuayi
26%
21Davide Zappacosta
22%
44Ethan Ampadu
21%
31Jamie Cumming
15%
50Trevoh Chalobah
15%
N/AMarco van Ginkel
12%

Score Distribution

Percentile by Number Answered

Percent of People with Each Score

Your Score History

You have not taken this quiz since the last reset